[Event "Championnat de France des Jeunes - Cade"]
[Site "TROYES"]
[Date "2010.04.13"]
[Round "4.5"]
[White "Dubois, Emmanuelle"]
[Black "Jeannerot, Lea"]
[Result "0-1"]
[WhiteElo "1811"]
[BlackElo "2030"]
[PlyCount "126"]
[EventDate "2010.??.??"]

1. e4 c6 2. d4 d5 3. exd5 cxd5 4. Bd3 Nc6 5. c3 Nf6 6. Bf4 g6 7. Nd2 Bg7 8.
Ngf3 Bf5 9. Bxf5 gxf5 10. Qb3 Qb6 11. Qxb6 axb6 12. Ne5 Nd7 13. Ndf3 Rg8 14.
O-O Ncxe5 15. Nxe5 Nxe5 16. Bxe5 Bh6 17. Bg3 b5 18. a3 Kd7 19. Kh1 Rg4 20. f3
Rg6 21. Rae1 Raa6 22. f4 Rae6 23. Re5 Rxe5 24. fxe5 e6 25. Bf4 Bf8 26. Rf3 Rg4
27. h3 Rg6 28. Kg1 h5 29. Kf1 Be7 30. Rf2 Bh4 31. Rf3 Be7 32. g3 f6 33. Ke2
fxe5 34. Bxe5 Bg5 35. Kd3 Be7 36. Kc2 h4 37. Kb3 hxg3 38. Bxg3 Rh6 39. Be5 Bh4
40. Kb4 Kc6 41. Re3 Rg6 42. Bf4 Be7+ 43. Kb3 Bh4 44. Kb4 Be7+ 45. Kb3 Bd6 46.
Bxd6 Kxd6 47. Kb4 f4 48. Rf3 e5 49. Kxb5 Rg2 50. b4 Rg3 51. dxe5+ Kxe5 52. Rf1
Rxh3 53. c4 dxc4 54. Kxc4 Rxa3 55. b5 b6 56. Re1+ Re3 57. Rf1 f3 58. Rf2 Ke4
59. Rf1 Re2 60. Rh1 f2 61. Rf1 Ke3 62. Kd5 Rc2 63. Kd6 Ke2 0-1

[Event "Championnat de France des Jeunes - Cade"]
[Site "TROYES"]
[Date "2010.04.13"]
[Round "4.6"]
[White "Hourlier, Claire"]
[Black "Saucey, Capucine"]
[Result "1/2-1/2"]
[WhiteElo "1915"]
[BlackElo "1798"]
[PlyCount "129"]
[EventDate "2010.??.??"]

1. e4 c6 2. d4 d5 3. exd5 cxd5 4. Bd3 Nc6 5. c3 Qc7 6. Nf3 Bg4 7. Nbd2 Nf6 8.
O-O e6 9. Re1 Bd6 10. Qc2 O-O 11. h3 Bh5 12. Ng5 Bg6 13. Bxg6 hxg6 14. Ndf3 e5
15. dxe5 Nxe5 16. Nd4 Nc4 17. Nb5 Qd7 18. Nxd6 Nxd6 19. Bf4 Nde4 20. Nxe4 Nxe4
21. Rad1 Qf5 22. Be3 Rfd8 23. Rd4 Qh5 24. Red1 Nf6 25. Qb3 Rd7 26. Qa4 a6 27.
Rh4 Qf5 28. Rf4 Qe6 29. Rfd4 b5 30. Qc2 Rad8 31. Bg5 Rd6 32. Kf1 Qd7 33. f3 Re8
34. Bxf6 gxf6 35. Qd2 Re5 36. f4 Rh5 37. Qd3 Rh4 38. g4 f5 39. gxf5 Qxf5 40.
Qxf5 gxf5 41. R1d3 Kh7 42. Kg2 Rg6+ 43. Rg3 Re6 44. Rf3 Rg6+ 45. Kf2 Rgh6 46.
Rxd5 Rxh3 47. Rxh3 Rxh3 48. Kg2 Re3 49. Re5 Rd3 50. Kf2 Rh3 51. Re2 Kg6 52. Ke1
Kh5 53. Rf2 Kg4 54. Ke2 Rh6 55. b3 Re6+ 56. Kd3 Rd6+ 57. Ke3 Kg3 58. Rf1 Re6+
59. Kd3 Rd6+ 60. Kc2 Rc6 61. a3 f6 62. Kd3 Rd6+ 63. Ke3 Re6+ 64. Kd3 Rd6+ 65.
Kc2 1/2-1/2

[Event "Championnat de France des Jeunes - Cade"]
[Site "TROYES"]
[Date "2010.04.13"]
[Round "4.7"]
[White "Le Bail, Arielle"]
[Black "Daif, Sarah"]
[Result "1-0"]
[WhiteElo "1847"]
[BlackElo "1643"]
[PlyCount "49"]
[EventDate "2010.??.??"]

1. d4 Nf6 2. c4 g6 3. Nc3 Bg7 4. e4 d6 5. f3 O-O 6. Nge2 c5 7. d5 e6 8. Ng3
exd5 9. cxd5 h5 10. Bg5 Qb6 11. Qd2 Nh7 12. Bh4 Nd7 13. Be2 a6 14. O-O Ne5 15.
f4 c4+ 16. Kh1 Nd3 17. Bxd3 cxd3 18. e5 dxe5 19. f5 Qd4 20. Be7 Re8 21. f6 Bh8
22. Nge4 b6 23. Nd6 Bd7 24. Nxf7 Kxf7 25. Qh6 1-0

[Event "Championnat de France des Jeunes - Cade"]
[Site "TROYES"]
[Date "2010.04.13"]
[Round "4.9"]
[White "Kohi, Camilla"]
[Black "Muller, Marion"]
[Result "0-1"]
[WhiteElo "1824"]
[BlackElo "1943"]
[PlyCount "37"]
[EventDate "2010.??.??"]

1. b3 d5 2. e3 c5 3. d4 e6 4. Bb2 Nc6 5. Nf3 Nf6 6. Be2 Bd6 7. O-O O-O 8. Nbd2
Qe7 9. c4 Rd8 10. Rc1 cxd4 11. Nxd4 Nxd4 12. Bxd4 Ba3 13. Rb1 e5 14. Bc3 dxc4
15. Bxc4 Bf5 16. Ra1 Ne4 17. Qc2 Nxc3 18. Qxf5 Rxd2 19. g3 0-1

[Event "Championnat de France des Jeunes - Cade"]
[Site "TROYES"]
[Date "2010.04.13"]
[Round "4.10"]
[White "Herrmann, Melanie"]
[Black "Uhl, Sarah"]
[Result "0-1"]
[WhiteElo "1400"]
[BlackElo "1714"]
[PlyCount "74"]
[EventDate "2010.??.??"]

1. d4 Nf6 2. c4 g6 3. Nc3 d5 4. e3 Bg7 5. Nf3 O-O 6. Be2 c6 7. cxd5 cxd5 8. O-O
Nc6 9. Bd2 Bd7 10. Rc1 Rc8 11. b3 Bf5 12. Re1 Nb4 13. Ne5 Nd7 14. Nxd7 Qxd7 15.
e4 dxe4 16. Nxe4 Nc6 17. Nc5 Qxd4 18. Nxb7 Qb6 19. Nc5 Bd4 20. Be3 Bxe3 21.
fxe3 Rcd8 22. Bd3 Nb4 23. Qe2 Bxd3 24. Qg4 Bf5 25. Na4 Bxg4 26. Nxb6 axb6 27.
Rc4 Be6 28. a3 Nd3 29. Rb1 Nc5 30. b4 Ne4 31. Rc6 b5 32. Ra1 Rd2 33. Rc7 Rfd8
34. Rcc1 Rb2 35. Rc7 Rdd2 36. Kf1 Rxg2 37. Ke1 Rg1# 0-1

[Event "Championnat de France des Jeunes - Mini"]
[Site "TROYES"]
[Date "2010.04.13"]
[Round "4.1"]
[White "Muheim, Sebastien"]
[Black "Ider, Borya"]
[Result "1/2-1/2"]
[WhiteElo "2053"]
[BlackElo "2283"]
[PlyCount "106"]
[EventDate "2010.??.??"]

1. d4 e6 2. c4 Nf6 3. Nc3 Bb4 4. a3 Bxc3+ 5. bxc3 c5 6. f3 d5 7. cxd5 Nxd5 8.
Qd3 b6 9. e4 Ba6 10. Qd2 Bxf1 11. Kxf1 Ne7 12. Ne2 Nbc6 13. dxc5 bxc5 14. Qxd8+
Rxd8 15. Be3 c4 16. Kf2 O-O 17. Rab1 f5 18. exf5 Rxf5 19. Rb7 Ra5 20. Rc1 Nf5
21. Rc7 Ne5 22. Nf4 Rxa3 23. Rc2 Nd3+ 24. Nxd3 Rxd3 25. Bxa7 Rdxc3 26. Rxc3
Rxc3 27. Ke1 Rc2 28. Bf2 h5 29. Rc6 Kf7 30. g4 hxg4 31. fxg4 Ne7 32. Rc7 Ke8
33. Bg3 g6 34. Kd1 Rc3 35. Be1 Rd3+ 36. Ke2 Rd4 37. h3 Nd5 38. Rc5 Re4+ 39. Kf2
Kd7 40. Bd2 Kd6 41. Rc8 Ke5 42. Kf3 Rd4 43. Ke2 Re4+ 44. Kf3 Rd4 45. Ke2 Nf4+
46. Ke1 Re4+ 47. Kf1 Nxh3 48. Kg2 Nf4+ 49. Kf3 Nd5 50. Rc5 Kd6 51. Kxe4 Kxc5
52. Ke5 c3 53. Bc1 Nc7 1/2-1/2

[Event "Championnat de France des Jeunes - Mini"]
[Site "TROYES"]
[Date "2010.04.13"]
[Round "4.2"]
[White "Loiseau, Quentin"]
[Black "Luciani, Thibault"]
[Result "1-0"]
[WhiteElo "2185"]
[BlackElo "1861"]
[PlyCount "97"]
[EventDate "2010.??.??"]

1. d4 d5 2. Nf3 Nf6 3. c4 c6 4. Nc3 e6 5. Bg5 Nbd7 6. cxd5 exd5 7. e3 Qa5 8.
Bd3 Ne4 9. O-O Nxg5 10. Nxg5 Nf6 11. e4 h6 12. Nf3 dxe4 13. Nxe4 Nxe4 14. Bxe4
Be6 15. a3 Be7 16. b4 Qc7 17. Re1 O-O 18. Bc2 Bf6 19. Ne5 Rfe8 20. Qd3 g6 21.
Qg3 Rad8 22. Ng4 Qe7 23. Nxh6+ Kh7 24. Ng4 Rxd4 25. Ne5 Bxe5 26. Rxe5 Qd6 27.
Rae1 Rd8 28. Qe3 Kg7 29. h3 Rd5 30. Re4 Rd4 31. Qc3 Kg8 32. Rxd4 Qxd4 33. Qxd4
Rxd4 34. Bxg6 Bxh3 35. Bxf7+ Kxf7 36. gxh3 b6 37. Kg2 a5 38. bxa5 bxa5 39. Re3
c5 40. f3 Ra4 41. Kg3 Kf6 42. f4 Rc4 43. Kg4 a4 44. Rd3 Rc1 45. Rd6+ Kg7 46.
Ra6 Rc4 47. h4 Rd4 48. Kg5 Rd7 49. Rxa4 1-0

[Event "Championnat de France des Jeunes - Mini"]
[Site "TROYES"]
[Date "2010.04.13"]
[Round "4.3"]
[White "Wurtz, Guillaume"]
[Black "Netzer, Jacques"]
[Result "1/2-1/2"]
[WhiteElo "1864"]
[BlackElo "2215"]
[PlyCount "56"]
[EventDate "2010.??.??"]

1. c4 e5 2. Nc3 Nf6 3. g3 Bb4 4. Bg2 h6 5. e4 Nc6 6. Nge2 Bc5 7. O-O d6 8. h3
a6 9. d3 O-O 10. Be3 Nd4 11. Nd5 Ne8 12. Kh2 c6 13. Ndc3 b5 14. a3 Be6 15. cxb5
axb5 16. Bxd4 exd4 17. Nb1 b4 18. a4 b3 19. Nd2 Qb6 20. Nf4 Rb8 21. Nxe6 fxe6
22. f4 Nf6 23. Nf3 Nh7 24. h4 Qc7 25. h5 e5 26. fxe5 dxe5 27. Bh3 Be7 28. Bf5
Bf6 1/2-1/2

[Event "Championnat de France des Jeunes - Mini"]
[Site "TROYES"]
[Date "2010.04.13"]
[Round "4.4"]
[White "Barbot, Pierre"]
[Black "Saatdjian, Stephane"]
[Result "1-0"]
[WhiteElo "2111"]
[BlackElo "1991"]
[PlyCount "99"]
[EventDate "2010.??.??"]

1. e4 c5 2. Nf3 Nf6 3. e5 Nd5 4. Nc3 e6 5. Nxd5 exd5 6. d4 Nc6 7. dxc5 Bxc5 8.
Qxd5 Qb6 9. Bc4 Bxf2+ 10. Ke2 O-O 11. Rf1 Bc5 12. Ng5 Nxe5 13. Nxf7 Nxf7 14.
Rxf7 Qe6+ 15. Qxe6 dxe6 16. Rxf8+ Kxf8 17. Bd3 Kg8 18. Bf4 Bd7 19. Be4 Rf8 20.
Bg3 b6 21. c4 b5 22. b3 bxc4 23. bxc4 Be8 24. Bf3 Bg6 25. Rd1 Bb6 26. Rd6 Rc8
27. Rxe6 Bf7 28. Bd5 Rd8 29. Rd6 Re8+ 30. Kd2 Bxd5 31. cxd5 Bc7 32. Rd7 Bxg3
33. hxg3 Re5 34. Kd3 Rg5 35. Ke4 Rxg3 36. Rxa7 Rxg2 37. d6 Rd2 38. Ke5 h5 39.
Ke6 Re2+ 40. Kf5 Rd2 41. Ke6 Re2+ 42. Kd5 Rd2+ 43. Kc6 Kf8 44. Ra5 h4 45. d7 h3
46. Ra8+ Kf7 47. d8=Q Rxd8 48. Rxd8 g5 49. Rh8 g4 50. Rh4 1-0

[Event "Championnat de France des Jeunes - Mini"]
[Site "TROYES"]
[Date "2010.04.13"]
[Round "4.5"]
[White "Ane, Cedric"]
[Black "Meley, Hector"]
[Result "0-1"]
[WhiteElo "2106"]
[BlackElo "1938"]
[PlyCount "105"]
[EventDate "2010.??.??"]

1. e4 e6 2. Qe2 c5 3. Nf3 Be7 4. g3 d5 5. d3 Nf6 6. Bg2 Nc6 7. e5 Nd7 8. O-O
Qc7 9. Re1 Rb8 10. c4 d4 11. Bf4 a6 12. h4 b5 13. Nbd2 Nb6 14. Ne4 bxc4 15.
dxc4 Bd7 16. Nd6+ Bxd6 17. exd6 Qd8 18. Ng5 O-O 19. Qh5 h6 20. Ne4 f6 21. Nxc5
e5 22. Bc1 Nb4 23. Rb1 Be8 24. Qf5 Qxd6 25. Be4 Qxc5 26. Qh7+ Kf7 27. Bxh6 Ke7
28. a3 Nc6 29. Bxg7 Rf7 30. Bg6 Rd8 31. Bxf7 Bxf7 32. Qh6 Nd7 33. Rbc1 a5 34.
h5 Rg8 35. Qh7 Nd8 36. h6 Ne6 37. Rf1 Ndf8 38. Bxf8+ Nxf8 39. Qe4 Qd6 40. b4
Bg6 41. Qd5 Ne6 42. bxa5 Qc5 43. a6 Rd8 44. Qb7+ Rd7 45. a7 Qxa7 46. Qb4+ Qc5
47. Rfd1 d3 48. Qc3 Nd4 49. Kf1 Qc6 50. Qb4+ Kf7 51. Ke1 Nc2+ 52. Rxc2 Qe4+ 53.
Kf1 0-1

[Event "Championnat de France des Jeunes - Mini"]
[Site "TROYES"]
[Date "2010.04.13"]
[Round "4.6"]
[White "Feryn, Benjamin"]
[Black "Roubaud, Alexandre"]
[Result "1-0"]
[WhiteElo "1985"]
[BlackElo "2054"]
[PlyCount "63"]
[EventDate "2010.??.??"]

1. e4 e5 2. Nc3 Nf6 3. g3 Bc5 4. Bg2 Nc6 5. Nge2 a6 6. O-O d6 7. h3 h5 8. h4
Be6 9. Nd5 Nh7 10. c3 Bg4 11. d3 Ba7 12. Ne3 g5 13. Nxg4 hxg4 14. h5 Qf6 15.
Be3 Qh6 16. Qb3 Qxh5 17. Qxb7 Kd7 18. Bxa7 Rxa7 19. Qb3 Nf6 20. Rfd1 Raa8 21.
d4 Rab8 22. Qc2 Rb6 23. c4 exd4 24. Nxd4 Ne5 25. c5 Nf3+ 26. Kf1 Rb4 27. cxd6
Rb7 28. Qc6+ Kc8 29. Rac1 Qg6 30. Qxa6 Ne8 31. d7+ Kxd7 32. Qxb7 1-0

[Event "Championnat de France des Jeunes - Mini"]
[Site "TROYES"]
[Date "2010.04.13"]
[Round "4.7"]
[White "Chauvet, Vincent"]
[Black "Ollier, Milan"]
[Result "0-1"]
[WhiteElo "1961"]
[BlackElo "2117"]
[PlyCount "98"]
[EventDate "2010.??.??"]

1. e4 c5 2. Nf3 Nc6 3. d4 cxd4 4. Nxd4 e5 5. Nb5 d6 6. c4 Be7 7. N1c3 a6 8. Na3
Be6 9. Nc2 Bg5 10. Bxg5 Qxg5 11. h4 Qe7 12. Qd2 Nf6 13. O-O-O Rd8 14. Bd3 O-O
15. Nd5 Bxd5 16. exd5 Na7 17. Ne3 Qc7 18. Kb1 Nc8 19. Nf5 Ne8 20. Qg5 f6 21.
Qg4 Ne7 22. h5 Nxf5 23. Qxf5 h6 24. Qh7+ Kf7 25. Rh3 Rc8 26. Rg3 Ke7 27. Bf5
Qxc4 28. Bxc8 Qxc8 29. Rc1 Qd7 30. Qc2 f5 31. f4 e4 32. Qb3 Kf7 33. Qb6 Kg8 34.
Rgc3 Nf6 35. Rc7 Qb5 36. Qxd6 Qxd5 37. Qe7 Qf7 38. Rxb7 Qxe7 39. Rxe7 Nxh5 40.
Rcc7 Kh7 41. Kc2 Rg8 42. Rf7 Kg6 43. Rfd7 Nxf4 44. Rc6+ Kg5 45. Rxa6 Nxg2 46.
Kd2 Kf4 47. Rg6 Kf3 48. Rf7 e3+ 49. Kd3 Nf4+ 0-1

[Event "Championnat de France des Jeunes - Mini"]
[Site "TROYES"]
[Date "2010.04.13"]
[Round "4.9"]
[White "Peyre, Thomas"]
[Black "Hallope, Arnaud"]
[Result "1/2-1/2"]
[WhiteElo "2074"]
[BlackElo "1895"]
[Annotator "Rivier,Sylvain"]
[PlyCount "74"]
[EventDate "2010.??.??"]

1. e4 c6 2. d4 d5 3. Nc3 dxe4 4. Nxe4 Nf6 5. Nxf6+ gxf6 6. Ne2 e5 7. Be3 Be6 8.
c3 Nd7 9. Ng3 Qc7 10. Be2 O-O-O 11. Qa4 b6 12. O-O c5 13. b4 c4 14. Qc2 Bd5 15.
a4 Qb7 16. f3 Bd6 17. Nf5 Bb8 18. Qa2 exd4 19. Ne7+ Kc7 20. Bf4+ Ne5 21. cxd4
Kd7 22. dxe5 Kxe7 23. exf6+ Kxf6 24. Bxb8 Qxb8 25. Bxc4 Qe5 26. Bxd5 Rxd5 27.
Rae1 Qd4+ 28. Kh1 Rhd8 29. Qb3 Qd2 30. h3 Rg8 31. Rg1 Rxg2 32. Rxg2 Qxe1+ 33.
Kh2 Rd4 34. Qc2 Qxb4 35. Qxh7 Qd6+ 36. Kh1 Rd2 37. Rg1 Rd1 {suite illisible}
1/2-1/2

[Event "Championnat de France des Jeunes - Mini"]
[Site "TROYES"]
[Date "2010.04.13"]
[Round "4.10"]
[White "Brest, Jean-Francois"]
[Black "Domenech, Vianney"]
[Result "0-1"]
[WhiteElo "1924"]
[BlackElo "2050"]
[PlyCount "200"]
[EventDate "2010.??.??"]

1. e4 d5 2. exd5 Qxd5 3. Nf3 Bg4 4. Be2 Nc6 5. d4 O-O-O 6. Be3 Nh6 7. c4 Qa5+
8. Bd2 Qf5 9. Bc3 Bxf3 10. Bxf3 Nxd4 11. Bxd4 Qe6+ 12. Qe2 Qxe2+ 13. Bxe2 Rxd4
14. Nc3 c6 15. Rd1 Rxd1+ 16. Kxd1 e5 17. Kc2 Kc7 18. Rd1 Nf5 19. Bd3 Nd4+ 20.
Kb1 g6 21. Ne2 Ne6 22. h4 h5 23. Ng1 Nf4 24. Bf1 Bc5 25. g3 Bxf2 26. gxf4 Bxg1
27. Bh3 Bf2 28. Rd7+ Kb6 29. fxe5 Rf8 30. Kc2 Bxh4 31. b4 a6 32. Bg2 a5 33. c5+
Ka6 34. Bf1+ Ka7 35. bxa5 Kb8 36. a6 bxa6 37. Bxa6 Bf2 38. Rb7+ Ka8 39. Rd7
Bxc5 40. Bb7+ Ka7 41. Bxc6+ Kb6 42. Bd5 g5 43. Rb7+ Ka6 44. Rxf7 Rd8 45. Bc4+
Kb6 46. e6 g4 47. Rg7 Rd4 48. Bd3 Rd5 49. Rg6 Re5 50. e7+ Kc7 51. e8=Q Rxe8 52.
Rg5 Bf2 53. Rxh5 Rg8 54. Rh7+ Kd6 55. Rh5 g3 56. Be4 g2 57. Bxg2 Rxg2 58. Kd3
Bc5 59. Rh6+ Kd5 60. Rh5+ Kc6 61. Kc4 Rg4+ 62. Kc3 Ra4 63. Kb2 Kb5 64. Kb3 Ra3+
65. Kb2 Rg3 66. Rd5 Kc4 67. Rd2 Bd4+ 68. Kc2 Rg1 69. Rd1 Rg7 70. Kd2 Rg2+ 71.
Ke1 Rxa2 72. Kf1 Rh2 73. Ke1 Kd5 74. Rd3 Ke4 75. Rb3 Be3 76. Kd1 Rd2+ 77. Kc1
Ra2+ 78. Kb1 Rg2 79. Rb2 Rg1+ 80. Ka2 Bd4 81. Rc2 Kd3 82. Rc8 Bc3 83. Kb3 Rb1+
84. Ka4 Rb4+ 85. Ka3 Kc2 86. Ra8 Rb5 87. Ra6 Rb1 88. Ka4 Kd3 89. Rc6 Bd4 90.
Ka5 Ke4 91. Ka6 Kd5 92. Rc8 Bc5 93. Ka5 Rb6 94. Ra8 Kc4 95. Rc8 Rb7 96. Ra8 Rb6
97. Rc8 Rd6 98. Ra8 Bb4+ 99. Ka4 Rd3 100. Rc8+ Bc5 0-1

[Event "Championnat de France des Jeunes - Mini"]
[Site "TROYES"]
[Date "2010.04.13"]
[Round "4.1"]
[White "Neuhauser, Salome"]
[Black "Aflalo, Sophie"]
[Result "1-0"]
[WhiteElo "2014"]
[BlackElo "2041"]
[PlyCount "94"]
[EventDate "2010.??.??"]

1. e4 c5 2. Nf3 Nc6 3. Bb5 g6 4. Bxc6 dxc6 5. d3 Bg7 6. h3 Nf6 7. Nc3 O-O 8.
Bf4 h6 9. Qd2 Kh7 10. Nh2 e5 11. Be3 Qe7 12. O-O-O b5 13. f3 Rd8 14. Ng4 Ng8
15. Qf2 Qe6 16. Bxc5 h5 17. Nh2 a5 18. Kb1 Nf6 19. g4 Ba6 20. gxh5 Nxh5 21. Ne2
b4 22. Ng4 f5 23. exf5 gxf5 24. Qh4 Kg6 25. Rdg1 fxg4 26. Rxg4+ Kh7 27. Qxh5+
Qh6 28. Qf5+ Kh8 29. Be7 Bc8 30. Qg5 Bxg4 31. Qxh6+ Bxh6 32. hxg4 Kg7 33. Bxd8
Rxd8 34. Rh5 Bd2 35. Ng3 Rf8 36. Rf5 Rxf5 37. Nxf5+ Kf6 38. Nd6 Bf4 39. Ne4+
Ke6 40. c3 Kd5 41. Kc2 c5 42. Nf6+ Ke6 43. Nh5 Bh2 44. Kb3 e4 45. dxe4 Bc7 46.
Kc4 a4 47. cxb4 Be5 1-0

[Event "Championnat de France des Jeunes - Mini"]
[Site "TROYES"]
[Date "2010.04.13"]
[Round "4.2"]
[White "Afraoui, Solenn"]
[Black "Lenoel, Marine"]
[Result "0-1"]
[WhiteElo "1851"]
[BlackElo "1718"]
[PlyCount "122"]
[EventDate "2010.??.??"]

1. Nf3 Nf6 2. g3 d5 3. Bg2 e6 4. d4 Bd6 5. b3 Nbd7 6. Bb2 O-O 7. O-O c6 8. Nbd2
Re8 9. Ne5 Qc7 10. f4 c5 11. c3 b6 12. e3 Bb7 13. g4 Rf8 14. g5 Ne8 15. Rf3 f6
16. gxf6 Ndxf6 17. Qe1 a5 18. Rh3 a4 19. Ndf3 Bxe5 20. fxe5 Ne4 21. Qh4 g6 22.
Qg4 Ng7 23. Ng5 Nxg5 24. Qxg5 Nf5 25. Rf3 Ba6 26. Rf2 Bd3 27. Rd1 c4 28. bxc4
Qxc4 29. Ba3 Rf7 30. Bb4 Kg7 31. Re1 Qc6 32. Qg4 Qb7 33. Qd1 Bc4 34. e4 dxe4
35. Bxe4 Bd5 36. Bxd5 Qxd5 37. Qf3 Rd8 38. Qxd5 Rxd5 39. Ref1 Rc7 40. Rb1 h6
41. Rf3 g5 42. Rbf1 Rf7 43. Rb1 Rc7 44. Ba3 Rc6 45. Rb4 b5 46. Rb1 Rc7 47. Bc5
Rb7 48. Rf2 Rd8 49. Rfb2 Rdb8 50. c4 b4 51. d5 b3 52. axb3 Rxb3 53. Rxb3 Rxb3
54. Ra1 exd5 55. cxd5 Rb5 56. Rc1 Kf7 57. Kf2 a3 58. e6+ Kf6 59. Kf3 a2 60. Ba3
Rb3+ 61. Ke4 Re3# 0-1

[Event "Championnat de France des Jeunes - Mini"]
[Site "TROYES"]
[Date "2010.04.13"]
[Round "4.3"]
[White "Alonso, Audrey"]
[Black "Eid, Maha"]
[Result "0-1"]
[WhiteElo "1782"]
[BlackElo "2003"]
[Annotator "Rivier,Sylvain"]
[PlyCount "124"]
[EventDate "2010.??.??"]

1. e4 c5 2. c4 Nc6 3. g3 g6 4. Bg2 Bg7 5. Nc3 d6 6. Nge2 Nf6 7. O-O O-O 8. d3
Bd7 9. f4 Rc8 10. Kh1 Bh3 11. Be3 Bxg2+ 12. Kxg2 Rb8 13. Qd2 a6 14. Rac1 Qd7
15. h3 b5 16. b3 Qb7 17. Kh2 Ne8 18. f5 Nc7 19. Bg5 b4 20. Nd1 Ne8 21. Nf2 Ne5
22. Ng4 Nxg4+ 23. hxg4 Bf6 24. Bh6 Bg7 25. Kg2 Nf6 26. Bxg7 Kxg7 27. g5 Nd7 28.
g4 Rh8 29. Qf4 Ne5 30. f6+ Kf8 31. Rcd1 Qd7 32. Kg3 Rd8 33. d4 cxd4 34. Rxd4
Nc6 35. Rd2 e5 36. Qf3 Qe6 37. Qh1 Ke8 38. Rfd1 h5 39. gxh6 Qxf6 40. Rf1 Qg5
41. Qf3 Rh7 42. Rdd1 Ke7 43. Rh1 Rxh6 44. Rxh6 Qxh6 45. Rh1 Qg5 46. Rf1 Rf8 47.
Rd1 Rh8 48. Kg2 Qh4 49. Qg3 Qxg3+ 50. Kxg3 f6 51. Kg2 Ke6 52. Rf1 a5 53. Rf2
Rh4 54. Kg3 Rh1 55. Kf3 Ra1 56. Kg2 Ke7 57. Ng3 Nd4 58. Nf1 Re1 59. Ng3 Rc1 60.
Re2 Rc2 61. Rxc2 Nxc2 62. Kf2 Ke6 {suite illisible} 0-1

[Event "Championnat de France des Jeunes - Mini"]
[Site "TROYES"]
[Date "2010.04.13"]
[Round "4.4"]
[White "Turquetille, Annabelle"]
[Black "Monpeurt, Cyrielle"]
[Result "0-1"]
[WhiteElo "1630"]
[BlackElo "1855"]
[PlyCount "66"]
[EventDate "2010.??.??"]

1. e4 e5 2. Nf3 Nc6 3. d4 exd4 4. Nxd4 Bc5 5. Be3 Qf6 6. Nb5 Bxe3 7. fxe3 Qh4+
8. g3 Qd8 9. Qg4 g5 10. h4 Ne5 11. Qd1 g4 12. Be2 d6 13. N1c3 a6 14. Nd4 Nf6
15. h5 Bd7 16. Nf5 Bxf5 17. exf5 Qd7 18. Nd5 Nxd5 19. Qxd5 O-O-O 20. Rf1 Rhg8
21. O-O-O Rg5 22. Qe4 Qc6 23. Qxc6 Nxc6 24. Rf4 Ne5 25. Rdd4 Rdg8 26. c4 Rxh5
27. Bxg4 Rhg5 28. Bd1 Rxg3 29. c5 dxc5 30. Rd2 Rxe3 31. Kc2 Nc6 32. Bg4 Nb4+
33. Kd1 h5 0-1

[Event "Championnat de France des Jeunes - Mini"]
[Site "TROYES"]
[Date "2010.04.13"]
[Round "4.5"]
[White "Dubois, Marie"]
[Black "Henry, Laura"]
[Result "1/2-1/2"]
[WhiteElo "1616"]
[BlackElo "1680"]
[PlyCount "136"]
[EventDate "2010.??.??"]

1. d4 d5 2. c4 c6 3. Nc3 Nf6 4. Bg5 e6 5. Nf3 Bb4 6. e3 Nbd7 7. cxd5 cxd5 8.
Bd3 O-O 9. O-O Re8 10. Qc2 h6 11. Bf4 a6 12. Rac1 Qe7 13. Qa4 Nb6 14. Qb3 Nfd7
15. Bc7 Ba5 16. Na4 Nc4 17. Bxc4 Bxc7 18. Bxa6 Bxh2+ 19. Nxh2 bxa6 20. Rc7 Qd6
21. Rfc1 Rb8 22. Qc3 e5 23. Qc6 Qxc6 24. R7xc6 e4 25. b3 Bb7 26. Rc7 Rec8 27.
Rxc8+ Bxc8 28. Rc7 Kf8 29. Nc5 Nb6 30. Ra7 Ra8 31. Rxa8 Nxa8 32. Nf1 Nc7 33.
Nd2 Ke7 34. Kf1 g5 35. Nb1 Kd6 36. Nc3 Kc6 37. a3 Nb5 38. Nxb5 axb5 39. Ke2 h5
40. f3 f5 41. Kf2 h4 42. b4 exf3 43. Kxf3 g4+ 44. Kf2 Kd6 45. a4 bxa4 46. Nxa4
Kc6 47. Nc3 Ba6 48. Ke1 Bc4 49. Kf2 Kb6 50. Kg1 g3 51. Kh1 Bd3 52. Nxd5+ Kb5
53. Nf4 Be4 54. Ng6 h3 55. Nf4 hxg2+ 56. Nxg2 Kxb4 57. Kg1 Kc3 58. Nf4 Kc4 59.
Kf1 Bf3 60. Kg1 Kb5 61. Nd3 Be4 62. Nf4 Bf3 63. Nd3 Kb6 64. Nf4 Kc6 65. Kf1 Kd6
66. Kg1 Ke7 67. Kf1 Kf6 68. Kg1 Ke7 1/2-1/2

[Event "Championnat de France des Jeunes - Mini"]
[Site "TROYES"]
[Date "2010.04.13"]
[Round "4.6"]
[White "Griggio, Julie"]
[Black "Finkel, Julie"]
[Result "0-1"]
[WhiteElo "1816"]
[BlackElo "1651"]
[PlyCount "120"]
[EventDate "2010.??.??"]

1. e4 g6 2. d4 Bg7 3. Nf3 d6 4. Nc3 a6 5. Bd3 b5 6. Bg5 Nd7 7. Qd2 Bb7 8. h4 c5
9. Qe3 Ngf6 10. Bxf6 Bxf6 11. Nd5 Bg7 12. c3 e6 13. Nf4 Bh6 14. Nxe6 Bxe3 15.
Nxd8 Bxf2+ 16. Kxf2 Rxd8 17. a4 O-O 18. axb5 axb5 19. Bxb5 Bxe4 20. Nd2 Bf5 21.
Bxd7 Rxd7 22. d5 Rb7 23. b3 Rfb8 24. Ra6 Rb6 25. Rha1 Bc2 26. Rxb6 Rxb6 27. Ra2
Bd1 28. Ke1 Bg4 29. Ra3 Rb8 30. Ne4 Re8 31. Ra4 Bf5 32. Kf2 Bxe4 33. Ra6 Rd8
34. c4 Kg7 35. Rb6 Kf6 36. g4 Ke5 37. Ke3 f5 38. Rb7 f4+ 39. Ke2 h6 40. Kf2 h5
41. g5 Kf5 42. Rf7+ Kg4 43. Rf6 Bc2 44. Ke2 Bf5 45. Rf7 Kxh4 46. Kf3 Kxg5 47.
Rb7 Re8 48. Rb6 Be4+ 49. Kf2 Rd8 50. Rb7 Kg4 51. Re7 Bc2 52. Rb7 g5 53. b4 cxb4
54. Rxb4 Kh3 55. Rb2 Be4 56. Rb3+ f3 57. Re3 Re8 58. Re1 Kh2 59. Rg1 g4 60. Re1
g3+ 0-1

[Event "Championnat de France des Jeunes - Mini"]
[Site "TROYES"]
[Date "2010.04.13"]
[Round "4.7"]
[White "Aggoune, Audessa"]
[Black "Bertin, Cecile"]
[Result "1/2-1/2"]
[WhiteElo "1666"]
[BlackElo "1616"]
[PlyCount "53"]
[EventDate "2010.??.??"]

1. d4 d5 2. Nf3 Nf6 3. Bg5 e6 4. e3 Be7 5. Bd3 c5 6. c3 Nbd7 7. Nbd2 b6 8. O-O
Bb7 9. Ne5 Nxe5 10. dxe5 Nd7 11. Bxe7 Qxe7 12. f4 O-O-O 13. a4 f6 14. a5 fxe5
15. axb6 axb6 16. Ra7 c4 17. Nxc4 dxc4 18. Bxc4 exf4 19. Qa1 b5 20. Bxb5 Qc5
21. Qa5 Qxe3+ 22. Rf2 Kb8 23. Rxb7+ Kxb7 24. Qa6+ Kb8 25. Qd6+ Kb7 26. Qc6+ Kb8
27. Qd6+ 1/2-1/2

[Event "Championnat de France des Jeunes - Mini"]
[Site "TROYES"]
[Date "2010.04.13"]
[Round "4.8"]
[White "Haller, Noemie"]
[Black "Seelen, Amandine"]
[Result "1/2-1/2"]
[WhiteElo "1650"]
[BlackElo "1664"]
[PlyCount "59"]
[EventDate "2010.??.??"]

1. e4 e6 2. d4 d5 3. e5 c5 4. c3 Nc6 5. Nf3 Qb6 6. Be2 Nh6 7. Bxh6 Qxb2 8. Be3
Qxa1 9. Qc2 cxd4 10. Nxd4 Nxd4 11. Bxd4 Ba3 12. Bb5+ Bd7 13. Bxd7+ Kxd7 14. O-O
Qb2 15. Qa4+ b5 16. Qxa3 Qxa3 17. Nxa3 a6 18. f4 Rab8 19. Rb1 Rb7 20. Nc2 a5
21. a3 Rc8 22. Ne1 Ke8 23. Nd3 Rc4 24. Nc5 Rb8 25. Kf2 b4 26. axb4 axb4 27. Na6
Rb7 28. Nxb4 h6 29. Rb2 g5 30. g3 1/2-1/2

[Event "Championnat de France des Jeunes - Mini"]
[Site "TROYES"]
[Date "2010.04.13"]
[Round "4.9"]
[White "Richier, Lucie"]
[Black "Ferrer, Lauriane"]
[Result "1-0"]
[WhiteElo "1660"]
[BlackElo "1572"]
[PlyCount "125"]
[EventDate "2010.??.??"]

1. d4 d5 2. Nf3 e6 3. c4 c5 4. e3 Nc6 5. cxd5 exd5 6. Bb5 c4 7. Ne5 Nge7 8. Nc3
a6 9. Qf3 Be6 10. Ba4 b5 11. Nxc6 Nxc6 12. Bc2 Rc8 13. a3 Na5 14. O-O Be7 15.
Bd2 Nb3 16. Bxb3 cxb3 17. Qd1 Bd6 18. Qxb3 Qg5 19. Ne2 h5 20. Rfc1 h4 21. Rxc8+
Bxc8 22. Rc1 Bh3 23. g3 hxg3 24. fxg3 Qh5 25. Nf4 Bxf4 26. exf4 Be6 27. Qe3
Qxh2+ 28. Kf1 Qh1+ 29. Ke2 Rh2+ 30. Kd3 Qe4+ 31. Qxe4 dxe4+ 32. Ke3 f5 33. Rc6
Kf7 34. Rc7+ Kg8 35. d5 Bxd5 36. Bc3 Rh7 37. Ra7 Bc4 38. Rxa6 Rh3 39. Rg6 Rh7
40. Rc6 Rh6 41. Rc5 g6 42. a4 Rh3 43. axb5 Rxg3+ 44. Kd4 Bf1 45. b6 Rd3+ 46.
Ke5 Rd7 47. Rc7 Rxc7 48. bxc7 Ba6 49. Ke6 Kh7 50. Kd7 Kh6 51. c8=Q Bxc8+ 52.
Kxc8 g5 53. Bd2 g4 54. b4 g3 55. b5 Kh5 56. b6 Kg4 57. b7 g2 58. Be3 Kf3 59.
Bg1 e3 60. b8=Q e2 61. Qb3+ Kxf4 62. Qe3+ Kg4 63. Qxe2+ 1-0